| 000 | 00816nam a2200205 a 4500 | ||
|---|---|---|---|
| 001 | 000219622 | ||
| 003 | AM-YeHGA | ||
| 005 | 20250618071520.0 | ||
| 008 | 030421s1888 ai |||||r 000 0 arm d | ||
| 040 | _aAM-YeHGA | ||
| 041 |
_aarm _heng |
||
| 100 | 1 |
_aՇեքսպիր, Ուիլյամ, _d1564-1616 _94634 |
|
| 245 | 1 | 0 |
_aԼիր թագաւոր : _bՈղբերգութիւն հինգ արարուածով / _cՎ. Շեքսպիր ; Թարգմ.՝ Ստ. Մալխասյանց. |
| 260 |
_aՍ. Պետերբուրգ : _bտպ. Ի.Ն. Սկորոխոդով, _c1888. |
||
| 300 |
_a184 էջ ; _c22 սմ. |
||
| 650 | 1 | 4 |
_aԱնգլիական գրականություն _xԹատերգություն |
| 700 | 1 |
_aՄալխասյանց, Ստեփան Սարգսի, _d1857-1947 _eթարգմ. _4trl _98793 |
|
| 942 |
_2udc _cBK |
||
| 090 | _c78217 | ||
| 999 |
_c76977 _d76977 |
||